Guía de Flora de las Lomas Costeras de Lima (Record no. 13346)

MARC details
000 -LEADER
campo de control de longitud fija 00356nam a2200121Ia 4500
005 - FECHA Y HORA DE LA ÚLTIMA TRANSACCIÓN
campo de control 20251222143208.0
008 - DATOS DE LONGITUD FIJA--INFORMACIÓN GENERAL
campo de control de longitud fija 251222s9999||||xx |||||||||||||| ||spa||
082 ## - NÚMERO DE LA CLASIFICACIÓN DECIMAL DEWEY
Número de clasificación 582.13/L733
100 ## - ENTRADA PRINCIPAL--NOMBRE DE PERSONA
Nombre de persona Lleellish Juscamayta, Miguel
245 #0 - MENCIÓN DEL TÍTULO
Título Guía de Flora de las Lomas Costeras de Lima
264 ## - PRODUCCIÓN, PUBLICACIÓN, DISTRIBUCIÓN, FABRICACIÓN Y COPYRIGHT
Nombre del de productor, editor, distribuidor, fabricante Dirección General Forestal y de Fauna Silvestre
942 ## - ELEMENTOS DE ENTRADA SECUNDARIOS (KOHA)
Tipo de ítem Koha Libros
Holdings
Estatus retirado Estado de pérdida Estado de daño No para préstamo Biblioteca de origen Biblioteca actual Ubicación en estantería Fecha de adquisición Total de préstamos Signatura topográfica completa Código de barras Visto por última vez Precio de reemplazo Tipo de ítem Koha
        Biblioteca Central Biblioteca Central Programa 22/12/2025   582.13/L733 0017768 22/12/2025 22/12/2025 Libros